The instinct to heal : (Record no. 515719)

000 -LEADER
fixed length control field 00347nam a22000977a 4500
082 ## - DEWEY DECIMAL CLASSIFICATION NUMBER
Classification number TNC O35 Se69
100 ## - MAIN ENTRY--PERSONAL NAME
Personal name Schreiber, David Servan
9 (RLIN) 21484
245 ## - TITLE STATEMENT
Title The instinct to heal :
Remainder of title curing stress, anxiety , and depression without drugh and without talk therapy
Statement of responsibility, etc by David Servan Schreiber
260 ## - PUBLICATION, DISTRIBUTION, ETC. (IMPRINT)
Place of publication, distribution, etc New Delhi
Name of publisher, distributor, etc Book factory
Date of publication, distribution, etc 2004
300 ## - PHYSICAL DESCRIPTION
Extent 294p.
Holdings
Withdrawn status Lost status Source of classification or shelving scheme Damaged status Koha normalized classification for sorting Not for loan Permanent location Current location Date acquired Full call number Barcode Date last seen Price effective from Koha item type
        TNC_O35_SE69   Indian Institute of Public Administration Indian Institute of Public Administration 2021-02-04 TNC O35 Se69 GR22023 2021-02-04 2021-02-04 GR

Powered by Koha